[Event "EYCC Girls U20 2021"]
[Site "Tornelo"]
[Date "2021.10.15"]
[Round "8.4"]
[White "Bucur, Denisa-Andreea"]
[Black "Afonasieva, Anna"]
[Result "0-1"]
[WhiteElo "2049"]
[BlackElo "2227"]
[Annotator "TA"]
[PlyCount "84"]
[EventDate "2021.10.15"]
[EventType "swiss"]
[EventCountry "NET"]
[SourceTitle "playchess.com"]
[Source "ChessBase"]
[SourceQuality "1"]

{[%evp 12,84,23,14,41,44,52,0,-7,-19,0,-6,29,0,0,-9,0,-23,-31,-23,0,0,0,-9,0,0,0,0,-7,-27,-18,-18,0,-73,-66,-95,-96,-106,-97,-108,-106,-99,-108,-110,-105,-130,-148,-128,-88,-164,-93,-131,-142,-129,0,0,0,0,0,-238,-170,-530,-527,-559,-552,-717,-852,-872,-390,-1093,-1134,-1134,-1047,-1100,-910]} 1. d4 d5 2. c4 c6 3. cxd5 cxd5 4. Bf4 Nc6 5. Nc3 Nf6 6. e3 a6 7. Rc1 g6 {D10: Slav Defence: 3 cxd5 (without early Nf3) and 3 Nc3.} 8. Bd3 Bg7 {[#]} 9. f3 $146 (9. h3 $14) ({Predecessor:} 9. h3 O-O 10. Nf3 Ra7 11. O-O Bf5 12. Bxf5 gxf5 13. Ne5 Na5 14. Qd3 e6 15. b4 Nc6 16. Nxc6 bxc6 17. Na4 a5 18. b5 cxb5 19. Qxb5 {1-0 (63) Rychagov,A (2545)-Novikov,E (2276) Chess.com INT 2020}) 9... O-O $11 {The position is equal.} 10. Nge2 Re8 11. O-O Bd7 12. Qb3 Na5 13. Qa3 Rc8 14. Na4 Nc4 15. Bxc4 Rxc4 (15... dxc4 {keeps more tension.} 16. Nac3 a5 17. b4 axb4 18. Qxb4 b5) 16. Rxc4 dxc4 17. Nc5 Bc6 18. e4 e6 19. Bg5 {Strongly threatening e5.} h6 20. Bh4 {White wants to play e5.} g5 21. Bf2 a5 22. e5 (22. b3 $1 $11 {remains equal.}) 22... Nd5 $17 23. b3 c3 $36 {[%mdl 2048] Black is really pushing.} 24. Qc1 Bb5 $1 {[%cal Rb5e2]} 25. Re1 Bxe2 26. Rxe2 b5 27. Nb7 Qb6 28. Nd6 Rd8 29. h4 Nf4 30. Re4 {[#]} (30. Re1 $17 {only move.} Nd3 31. Qxc3 Nxf2 32. Nc8) 30... b4 (30... Bxe5 $1 $19 {[%mdl 512]} 31. dxe5 {[#]} Qxf2+ $1 {[%mdl 64] Decoy} 32. Kxf2 Nd3+ {[%mdl 64] Double Attack} 33. Ke3 Nxc1) 31. Qc2 Qa6 32. Nc4 Rc8 ({Black should try} 32... a4 $17 {White must now prevent ...Ra8.} 33. hxg5 hxg5) 33. Be3 $11 Rxc4 34. bxc4 Qxc4 {Threatens to win with ...Qd3.} 35. Bxf4 $2 (35. hxg5 $1 $11 hxg5 36. Kh2 (36. Bxf4 gxf4 37. Kh2 Bh6 $15)) 35... gxf4 $19 36. Rxf4 $2 {[#]} (36. Kh2) 36... Bxe5 $1 $11 {[%mdl 4672] Endgame Pin. KQR-KQB} 37. Rg4+ (37. Re4 Bxd4+) 37... Bg7 38. Kh2 f5 39. Rg6 Qxd4 (39... Kf7 $142 40. Rxg7+ Kxg7) 40. Qb3 $2 (40. Rxe6 Be5+ 41. Kh3) 40... Qxh4+ $19 {Black is clearly winning.} 41. Kg1 Qe1+ 42. Kh2 Kf7 {Weighted Error Value: White=0.47/Black=0.29} 0-1

[Event "EYCC Girls U20 2021"]
[Site "Tornelo"]
[Date "2021.10.15"]
[Round "8.5"]
[White "Nosacheva, Mariya"]
[Black "Konecny, Sophie"]
[Result "1-0"]
[WhiteElo "2239"]
[BlackElo "1864"]
[Annotator "TA"]
[PlyCount "93"]
[EventDate "2021.10.15"]
[EventType "swiss"]
[EventCountry "NET"]
[SourceTitle "playchess.com"]
[Source "ChessBase"]
[SourceQuality "1"]

{[%evp 9,92,-46,-35,-52,-31,-35,-10,-10,-10,-10,0,0,0,-36,-2,-57,21,-24,5,-7,112,113,113,95,84,41,90,75,112,96,111,59,87,82,80,71,79,55,59,59,46,50,47,47,150,108,163,155,140,93,94,32,33,-37,107,35,72,64,84,76,456,0,0,-319,-323,-318,-305,-322,-274,-432,-449,-591,0,-291,30,25,588,568,656,629,617,588,500,67,29999]} 1. e4 c5 2. b4 b6 3. Nf3 Bb7 4. Bc4 e6 5. e5 {[#]} d5 $146 ({Predecessor:} 5... cxb4 6. O-O d5 7. Bb5+ Nd7 8. d4 a6 9. Bd3 Ne7 10. a3 bxa3 11. Rxa3 Ng6 {½-½ (59) Popov,V (2105)-Ushakov,G (2216) Riazan 2009}) 6. Be2 {B20: Sicilian: Unusual White 2nd moves.} cxb4 7. a3 Nh6 8. axb4 {The position is equal.} Bxb4 9. c3 Be7 10. d4 Nf5 11. Na3 O-O 12. h4 (12. g4 $11 Nh4 13. Nxh4 Bxh4 14. Nb5) 12... Ba6 (12... Bxh4 $2 13. g4 $18) (12... Nc6 $15) 13. Nb5 Qd7 (13... Bxh4 $2 14. g4 $18) 14. Rb1 Rc8 (14... h5 $11) 15. g4 $16 Nh6 16. Bxh6 gxh6 17. Qc1 Qc6 18. Rb3 {[%mdl 1024] White has strong compensation.} Bf8 19. g5 h5 20. Ng1 (20. Nh2 $16) 20... Nd7 21. Qf4 Bxb5 22. Bxb5 Qc7 23. Qf3 a5 {[%cal Ba7a5,Ba5a4,Ba4a3][%mdl 32]} 24. Ne2 a4 25. Rb2 a3 26. Ra2 Bg7 (26... Nxe5 $14 27. dxe5 Qxe5) 27. O-O Nxe5 (27... Ra5 $16 {was worth a try.}) 28. dxe5 $18 Qxe5 29. Rfa1 Bf8 30. Rc1 (30. Qxh5 $6 Bd6 $11) ({White should play} 30. Kg2 $16) 30... Bd6 $14 31. Ng3 (31. Qh3 $14) 31... d4 (31... Rc5 $15 {stays ahead.} 32. Bd3 Qf4) 32. Bc6 (32. c4 $1 $16) 32... Ra5 {With the idea ...Qf4.} 33. cxd4 Qxd4 34. Rd1 Qc4 {[%mdl 8192]} (34... Qf4 $16) 35. Rad2 $2 $40 {[%mdl 128] White attacks.} (35. Rxd6 $18 Qxa2 36. Qd1) 35... Qxc6 $11 (35... Rxc6 36. Rxd6 Rxd6 37. Rxd6 $18) 36. Qf6 {[%mdl 8192]} (36. Ne4 $11 Rf5 37. Nf6+ {[%mdl 64] Double Attack} Kf8 38. Qxc6 Rxc6 39. Rxd6 Rxd6 40. Rxd6) 36... Rd5 $19 ({Don't go for} 36... Bf8 $2 37. Rd7 $18) 37. Nxh5 {[%csl Gh5][%cal Rf6g7]} Bf8 {White must now prevent ...Rxd2.} ({Not} 37... Be5 38. Qxe5 $1 Rxe5 39. Rd8+ Qe8 40. Nf6+ Kf8 41. Rxe8+ Rxe8 42. Nd7+ Kg7 43. Nxe5 $11) 38. Rxd5 exd5 39. Qe5 (39. Qf5 {was called for.} Bg7 40. Nxg7 Kxg7 41. h5) 39... Qe6 40. Nf6+ Kg7 $2 ({Black should try} 40... Kh8 $19 41. Qe3 Bg7 42. Qxe6 fxe6) 41. Qa1 {[%mdl 8192] [#]} (41. Nh5+ $1 $11 Kg8 42. Qd4) 41... Rd8 $2 (41... Qe2 $1 $19 {...Bc5! is the strong threat.} 42. Nxd5+ Qb2 43. Nxb6 Rc2 44. Qxb2+ axb2) 42. Qb1 $11 {[%csl Gf6][%cal Rb1h7]} Bc5 $2 {[%mdl 8192] [#]} (42... Bd6 $1 $11 {and Black is okay.}) 43. Re1 $1 $18 Qxe1+ 44. Qxe1 a2 45. Qa1 Ra8 {Threatens to win with ...Bd4!} 46. Nh5+ $2 ({White must play} 46. Nxd5+ $18 Kg8 47. Nf6+ Kf8 48. Nxh7+ Kg8 49. Nf6+ Kf8 50. Nd7+ Kg8 51. Nxc5 bxc5 52. Kf1) 46... Kg8 $2 {[%mdl 8192]} (46... Kg6 $14 47. Nf4+ {[%mdl 64] Double Attack} Kf5) 47. Qg7# {Weighted Error Value: White=0.74/Black=0.94} 1-0

[Event "EYCC Girls U20 2021"]
[Site "Tornelo"]
[Date "2021.10.15"]
[Round "9.1"]
[White "Konecny, Sophie"]
[Black "Heydarova, Aytaj"]
[Result "1/2-1/2"]
[WhiteElo "1864"]
[BlackElo "1637"]
[Annotator "NA"]
[PlyCount "34"]
[EventDate "2021.10.15"]
[EventType "swiss"]
[EventCountry "NET"]
[SourceTitle "playchess.com"]
[Source "ChessBase"]
[SourceQuality "1"]
[TimeControl "5400+30"]

1. d4 {[%emt 0:00:30]} Nf6 {[%emt 0:00:37]} 2. Nf3 {[%emt 0:00:07]} g6 {[%emt 0:00:13]} 3. g3 {[%emt 0:00:10]} Bg7 {[%emt 0:00:04]} 4. Bg2 {[%emt 0:00:20]} O-O {[%emt 0:00:04]} 5. O-O {[%emt 0:00:52]} d6 {[%emt 0:00:13]} 6. c4 {[%emt 0:00:08]} Nbd7 {[%emt 0:00:15]} 7. Nc3 {[%emt 0:00:40]} e5 {[%emt 0:00:06]} 8. e4 {[%emt 0:01:21]} Qe7 {[%emt 0:03:21]} 9. Re1 {[%emt 0:02:56]} a5 {[%emt 0:15:54]} 10. b3 {[%emt 0:04:55]} exd4 {[%emt 0:14:22]} 11. Nxd4 {[%emt 0:01:08]} Nc5 {[%emt 0:01:07]} 12. Rb1 {[%emt 0:03:27]} Re8 {[%emt 0:01:35]} 13. Bb2 {[%emt 0:05:11]} Rb8 {[%emt 0:08:17]} 14. h3 {[%emt 0:04:45]} Nfd7 {[%emt 0:03:25]} 15. f4 {[%emt 0:07:49]} Nb6 {[%emt 0:10:05]} 16. Kh2 {[%emt 0:07:39]} Bd7 {[%emt 0:07:50]} 17. Ndb5 {[%emt 0:04:46]} Bc6 {[%emt 0:10:20]} 1/2-1/2

[Event "EYCC Girls U20 2021"]
[Site "Tornelo"]
[Date "2021.10.15"]
[Round "9.2"]
[White "Afonasieva, Anna"]
[Black "Nosacheva, Mariya"]
[Result "1/2-1/2"]
[WhiteElo "2227"]
[BlackElo "2239"]
[Annotator "ChessBase"]
[PlyCount "30"]
[EventDate "2021.10.15"]
[EventType "swiss"]
[EventCountry "NET"]
[SourceTitle "playchess.com"]
[Source "ChessBase"]
[SourceQuality "1"]
[TimeControl "5400+30"]

1. e4 {[%emt 0:00:30]} c5 {[%emt 0:00:43]} 2. Nf3 {[%emt 0:00:04]} Nc6 {[%emt 0:00:28]} 3. Nc3 {[%emt 0:01:02]} g6 {[%emt 0:00:34]} 4. d4 {[%emt 0:00:21]} cxd4 {[%emt 0:00:14]} 5. Nxd4 {[%emt 0:00:07]} Bg7 {[%emt 0:00:05]} 6. Be3 {[%emt 0:00:09]} Nf6 {[%emt 0:01:44]} 7. Be2 {[%emt 0:02:16]} O-O {[%emt 0:01:01]} 8. O-O {[%emt 0:00:37]} d6 {[%emt 0:04:08]} 9. Qd2 {[%emt 0:01:45]} Ng4 {[%emt 0:12:07]} 10. Bxg4 {[%emt 0:03:03]} Bxg4 {[%emt 0:00:04]} 11. Nxc6 {[%emt 0:00:44]} bxc6 {[%emt 0:00:15]} 12. h3 {[%emt 0:01:50]} Bd7 {[%emt 0:12:49]} 13. Bh6 {[%emt 0:01:59]} Rb8 {[%emt 0:01:52]} 14. Bxg7 {[%emt 0:05:58]} Kxg7 {[%emt 0:00:05]} 15. b3 {[%emt 0:04:13]} Qa5 {[%emt 0:02:00]} 1/2-1/2

[Event "EYCC Girls U20 2021"]
[Site "Tornelo"]
[Date "2021.10.15"]
[Round "9.3"]
[White "Schulze, Lara"]
[Black "Bucur, Denisa-Andreea"]
[Result "1/2-1/2"]
[WhiteElo "2250"]
[BlackElo "2049"]
[Annotator "ChessBase"]
[PlyCount "63"]
[EventDate "2021.10.15"]
[EventType "swiss"]
[EventCountry "NET"]
[SourceTitle "playchess.com"]
[Source "ChessBase"]
[SourceQuality "1"]
[TimeControl "5400+30"]

1. e4 {[%emt 0:00:30]} c5 {[%emt 0:00:35]} 2. Nf3 {[%emt 0:00:07]} e6 {[%emt 0:00:10]} 3. d4 {[%emt 0:00:06]} cxd4 {[%emt 0:00:05]} 4. Nxd4 {[%emt 0:00:06]} a6 {[%emt 0:00:07]} 5. Bd3 {[%emt 0:00:13]} Nf6 {[%emt 0:00:14]} 6. O-O {[%emt 0:00:11]} Qc7 {[%emt 0:00:09]} 7. Qe2 {[%emt 0:00:11]} d6 {[%emt 0:00:17]} 8. f4 {[%emt 0:00:14]} Nbd7 {[%emt 0:00:21]} 9. c4 {[%emt 0:00:31]} Be7 {[%emt 0:03:56]} 10. Nc3 {[%emt 0:00:22]} b6 {[%emt 0:00:26]} 11. Be3 {[%emt 0:07:44]} Bb7 {[%emt 0:01:00]} 12. f5 {[%emt 0:07:19]} e5 {[%emt 0:03:16]} 13. Nc2 {[%emt 0:01:55]} Nc5 {[%emt 0:08:41]} 14. Bg5 {[%emt 0:09:55]} Rc8 {[%emt 0:10:40]} 15. Bxf6 {[%emt 0:05:06]} Bxf6 {[%emt 0:00:19]} 16. Ne3 {[%emt 0:00:11]} Nxd3 {[%emt 0:06:06]} 17. Qxd3 {[%emt 0:00:48]} Bg5 {[%emt 0:08:05]} 18. Kh1 {[%emt 0:05:37]} O-O {[%emt 0:06:53]} 19. f6 {[%emt 0:15:06]} Qc5 {[%emt 0:07:28]} 20. fxg7 {[%emt 0:03:25]} Rfd8 {[%emt 0:03:55]} 21. Nf5 {[%emt 0:09:26]} Qxc4 {[%emt 0:16:57]} 22. Qg3 {[%emt 0:02:39]} h6 {[%emt 0:00:37]} 23. h4 {[%emt 0:01:27]} Bf4 {[%emt 0:02:08]} 24. Ne7+ {[%emt 0:02:23]} Kh7 {[%emt 0:00:09]} 25. Qf3 {[%emt 0:01:54]} Qe6 {[%emt 0:04:04]} 26. Nxc8 {[%emt 0:01:10]} Rxc8 {[%emt 0:00:14]} 27. Nd5 {[%emt 0:09:36]} Bxd5 {[%emt 0:01:16]} 28. exd5 {[%emt 0:00:06]} Qg6 {[%emt 0:00:53]} 29. g3 {[%emt 0:11:57]} Qxg3 {[%emt 0:00:34]} 30. Qxg3 {[%emt 0:00:10]} Bxg3 {[%emt 0:00:05]} 31. Rxf7 {[%emt 0:00:09]} Rc2 {[%emt 0:01:05]} 32. Rf3 {[%emt 0:02:39]} 1/2-1/2

[Event "EYCC Girls U20 2021"]
[Site "Tornelo"]
[Date "2021.10.15"]
[Round "9.4"]
[White "Radeva, Viktoria"]
[Black "Sliwicka, Alicja"]
[Result "1/2-1/2"]
[WhiteElo "2314"]
[BlackElo "2304"]
[Annotator "ChessBase"]
[PlyCount "43"]
[EventDate "2021.10.15"]
[EventType "swiss"]
[EventCountry "NET"]
[SourceTitle "playchess.com"]
[Source "ChessBase"]
[SourceQuality "1"]
[TimeControl "5400+30"]

1. e4 {[%emt 0:00:30]} c5 {[%emt 0:00:35]} 2. Nf3 {[%emt 0:00:07]} Nc6 {[%emt 0:00:05]} 3. d4 {[%emt 0:00:07]} cxd4 {[%emt 0:00:04]} 4. Nxd4 {[%emt 0:00:08]} Nf6 {[%emt 0:00:05]} 5. Nc3 {[%emt 0:00:07]} d6 {[%emt 0:00:03]} 6. Be2 {[%emt 0:00:34]} e5 {[%emt 0:00:05]} 7. Nb3 {[%emt 0:00:06]} Be7 {[%emt 0:00:08]} 8. O-O {[%emt 0:00:06]} O-O {[%emt 0:00:19]} 9. Kh1 {[%emt 0:03:07]} a5 {[%emt 0:00:29]} 10. Be3 {[%emt 0:00:17]} a4 {[%emt 0:08:34]} 11. Nd2 {[%emt 0:00:07]} a3 {[%emt 0:06:15]} 12. bxa3 {[%emt 0:00:18]} d5 {[%emt 0:15:23]} 13. exd5 {[%emt 0:00:56]} Nxd5 {[%emt 0:00:40]} 14. Nxd5 {[%emt 0:01:19]} Qxd5 {[%emt 0:00:05]} 15. Nc4 {[%emt 0:04:34]} Qxd1 {[%emt 0:02:38]} 16. Rfxd1 {[%emt 0:00:57]} Be6 {[%emt 0:03:25]} 17. Rab1 {[%emt 0:06:30]} Ra4 {[%emt 0:20:05]} 18. Nb6 {[%emt 0:29:17]} Rxa3 {[%emt 0:00:18]} 19. Bc4 {[%emt 0:02:23]} Bxc4 {[%emt 0:01:25]} 20. Nxc4 {[%emt 0:00:22]} Rxa2 {[%emt 0:04:44]} 21. Rxb7 {[%emt 0:00:16]} Rxc2 {[%emt 0:02:52]} 22. Nxe5 {[%emt 0:01:07]} 1/2-1/2

[Event "EYCC Girls U20 2021"]
[Site "Tornelo"]
[Date "2021.10.15"]
[Round "9.5"]
[White "Cvitan, Ena"]
[Black "Hereklioglu, Sude"]
[Result "1-0"]
[WhiteElo "2260"]
[BlackElo "1905"]
[Annotator "ChessBase"]
[PlyCount "85"]
[EventDate "2021.10.15"]
[EventType "swiss"]
[EventCountry "NET"]
[SourceTitle "playchess.com"]
[Source "ChessBase"]
[SourceQuality "1"]
[TimeControl "5400+30"]

1. d4 {[%emt 0:00:30]} Nf6 {[%emt 0:00:39]} 2. c4 {[%emt 0:00:07]} c5 {[%emt 0:00:23]} 3. d5 {[%emt 0:00:57]} e6 {[%emt 0:00:23]} 4. Nc3 {[%emt 0:00:07]} exd5 {[%emt 0:01:22]} 5. cxd5 {[%emt 0:00:07]} d6 {[%emt 0:00:16]} 6. e4 {[%emt 0:00:06]} g6 {[%emt 0:00:37]} 7. h3 {[%emt 0:00:11]} Bg7 {[%emt 0:00:22]} 8. Nf3 {[%emt 0:00:05]} O-O {[%emt 0:00:32]} 9. Bd3 {[%emt 0:00:13]} Re8 {[%emt 0:04:16]} 10. O-O {[%emt 0:00:13]} a6 {[%emt 0:04:59]} 11. a4 {[%emt 0:00:19]} b6 {[%emt 0:00:09]} 12. Bf4 {[%emt 0:00:24]} Qc7 {[%emt 0:12:12]} 13. Re1 {[%emt 0:00:38]} Nbd7 {[%emt 0:00:52]} 14. Qd2 {[%emt 0:02:16]} c4 {[%emt 0:03:50]} 15. Bc2 {[%emt 0:00:24]} Rb8 {[%emt 0:02:07]} 16. Nd4 {[%emt 0:01:23]} Bb7 {[%emt 0:06:01]} 17. Ncb5 {[%emt 0:08:16]} axb5 {[%emt 0:00:53]} 18. Nxb5 {[%emt 0:00:12]} Qd8 {[%emt 0:02:03]} 19. Nxd6 {[%emt 0:00:34]} Ne5 {[%emt 0:11:47]} 20. Nxe8 {[%emt 0:02:09]} Qxe8 {[%emt 0:01:45]} 21. a5 {[%emt 0:05:11]} bxa5 {[%emt 0:12:57]} 22. Rxa5 {[%emt 0:00:52]} Nh5 {[%emt 0:01:39]} 23. Bh2 {[%emt 0:02:28]} c3 {[%emt 0:16:45]} 24. Qxc3 {[%emt 0:01:09]} Rc8 {[%emt 0:00:31]} 25. Qb3 {[%emt 0:02:44]} Nc4 {[%emt 0:01:22]} 26. Rb5 {[%emt 0:02:25]} Nd2 {[%emt 0:08:14]} 27. Qb4 {[%emt 0:02:14]} Rc4 {[%emt 0:02:54]} 28. Qa5 {[%emt 0:07:58]} Rxc2 {[%emt 0:00:32]} 29. Rxb7 {[%emt 0:00:28]} Be5 {[%emt 0:03:17]} 30. d6 {[%emt 0:04:01]} Bxd6 {[%emt 0:01:13]} 31. Bxd6 {[%emt 0:00:26]} Kg7 {[%emt 0:00:33]} 32. Qe5+ {[%emt 0:00:56]} Qxe5 {[%emt 0:00:08]} 33. Bxe5+ {[%emt 0:00:02]} Kf8 {[%emt 0:00:24]} 34. Ra1 {[%emt 0:00:32]} Rc8 {[%emt 0:00:31]} 35. f3 {[%emt 0:01:51]} Re8 {[%emt 0:00:56]} 36. Rb8 {[%emt 0:01:44]} Nc4 {[%emt 0:00:20]} 37. Raa8 {[%emt 0:00:49]} Rxb8 {[%emt 0:00:06]} 38. Bxb8 {[%emt 0:00:20]} Ke7 {[%emt 0:00:24]} 39. b3 {[%emt 0:00:16]} Nb2 {[%emt 0:00:35]} 40. Ra7+ {[%emt 0:00:19]} Ke6 {[%emt 0:00:11]} 41. Ra6+ {[%emt 0:00:24]} Ke7 {[%emt 0:00:13]} 42. g4 {[%emt 0:00:07]} Nf6 {[%emt 0:00:27]} 43. Be5 {[%emt 0:00:09]} 1-0